Southville International School and Colleges
Your cart is empty.
  • Cart
  • Lists
    Public lists Eva Luna New books Lux_list list_1
    Your lists Log in to create your own lists
  • Log in to your account
  • Your cookies
  • Search history
Southville International School and Colleges
  • Advanced search
  • Recent comments
  • Most popular
  • Libraries

Log in to your account

Log in with GOOGLE


If you do not have an external account, but do have a local account, you can still log in:

  1. Home
  2. MARC view: Inclusion strategies secondary classrooms :
Normal view MARC view ISBD view

Inclusion strategies secondary classrooms : (Record no. 25071)

[ view plain ]
MARC details
000 -LEADER
fixed length control field 00653nam a2200205 a 4500
005 - DATE AND TIME OF LATEST TRANSACTION
control field 20140310183559.0
008 - FIXED-LENGTH DATA ELEMENTS--GENERAL INFORMATION
fixed length control field 111119s19uu xx 00 eng d
020 ## - INTERNATIONAL STANDARD BOOK NUMBER
International Standard Book Number 9781412975445
050 ## - LIBRARY OF CONGRESS CALL NUMBER
Classification number LC 4031
Item number .G64 2010
100 ## - MAIN ENTRY--PERSONAL NAME
Personal name Gore, M.C.
245 ## - TITLE STATEMENT
Title Inclusion strategies secondary classrooms :
Remainder of title keys for struggling learners /
Statement of responsibility, etc M.C. Gore.
250 ## - EDITION STATEMENT
Edition statement 2nd ed.
260 ## - PUBLICATION, DISTRIBUTION, ETC. (IMPRINT)
Place of publication, distribution, etc California :
Name of publisher, distributor, etc Corwin,
Date of publication, distribution, etc 2010.
300 ## - PHYSICAL DESCRIPTION
Extent 237 p. :
Other physical details col. ill. ;
Dimensions 28 cm.
521 ## - TARGET AUDIENCE NOTE
Target audience note
650 ## - SUBJECT ADDED ENTRY--TOPICAL TERM
Topical term or geographic name as entry element Children with disabilities
General subdivision Education (Secondary)
-- United States
650 ## - SUBJECT ADDED ENTRY--TOPICAL TERM
Topical term or geographic name as entry element Inclusive education
General subdivision United States
942 ## - ADDED ENTRY ELEMENTS (KOHA)
Koha item type Books
Source of classification or shelving scheme Library of Congress Classification
Call number prefix Foreign
Holdings
Withdrawn status Lost status Source of classification or shelving scheme Damaged status Home library Current library Shelving location Date acquired Source of acquisition Total Checkouts Full call number Barcode Date last seen Copy number Price effective from Koha item type
    Library of Congress Classification   College Library College Library General Circulation Section 01/15/2014 Donation   LC 4031 .G64 2010 C14173 05/15/2018 1 01/15/2014 Books

Inclusion strategies secondary classrooms :

APA

Gore M., . (2010). Inclusion strategies secondary classrooms. California: Corwin.

Chicago

Gore M.C, . 2010. Inclusion strategies secondary classrooms. California: Corwin.

Harvard

Gore M., . (2010). Inclusion strategies secondary classrooms. California: Corwin.

MLA

Gore M.C, . Inclusion strategies secondary classrooms. California: Corwin. 2010.

  • Place hold
  • Print
  • Cite
  • Add to your cart (remove)
  • Save record
    BIBTEX Dublin Core MARCXML MARC (non-Unicode/MARC-8) MARC (Unicode/UTF-8) MARC (Unicode/UTF-8, Standard) MODS (XML) RIS
  • More searches
    Search for this title in:
    Other Libraries (WorldCat) Other Databases (Google Scholar) Online Stores (Bookfinder.com) Open Library (openlibrary.org)

Exporting to Dublin Core...

SOUTHVILLE LIBRARY

Southville International School and Colleges Library

1281 Tropical Ave. Cor. Luxembourg St., BF Homes International, Las Pinas City

Tel. No. 8256374 / 252358 Loc. 117/146

Powered by Koha